[Event "ch-HUN Gp A"]
[Site "Balatonlelle HUN"]
[Date "2002.05.01"]
[Round "1"]
[White "Horvath,P1"]
[Black "Sax,G"]
[Result "1/2-1/2"]
[WhiteElo "2489"]
[BlackElo "2566"]
[EventDate "2002.05.04"]

1. d4 Nf6 2. c4 e6 3. Nf3 b6 4. Nc3 Bb4 5. Bg5 Bb7 6. e3 h6 7. Bh4 Bxc3+ 8.
bxc3 d6 9. Nd2 g5 10. Bg3 Qe7 11. h4 Rg8 12. hxg5 hxg5 13. Rh6 Nbd7 14. Qa4
Kf8 15. O-O-O Kg7 16. Rh1 a6 17. Be2 Ne4 1/2-1/2

[Event "ch-HUN Gp A"]
[Site "Balatonlelle HUN"]
[Date "2002.05.01"]
[Round "1"]
[White "Berkes,F"]
[Black "Gyimesi,Z"]
[Result "1-0"]
[WhiteElo "2511"]
[BlackElo "2605"]
[EventDate "2002.05.04"]

1. d4 Nf6 2. c4 e6 3. g3 d5 4. Bg2 dxc4 5. Nf3 c5 6. O-O Nc6 7. Ne5 Bd7 8.
Na3 cxd4 9. Naxc4 Bc5 10. a3 Rc8 11. b4 Be7 12. Bb2 b5 13. Nxc6 Bxc6 14.
Bxc6+ Rxc6 15. Na5 Rc7 16. Qd3 a6 17. Rac1 e5 18. Qf5 Bd6 19. Nb7 Rxb7 20.
Rc8 O-O 21. Rxd8 Rxd8 22. Rc1 Rb6 23. f4 Re8 24. e3 Rbb8 25. fxe5 Bxe5 26.
exd4 Bd6 27. d5 Ne4 28. Re1 g6 29. Qd7 Bf8 30. Qc6 Rec8 31. Qxa6 Nd6 32.
Qa7 Nc4 33. Ba1 Rb6 34. Rf1 f5 35. Rc1 Rcb8 36. Bd4 R6b7 37. Qa6 Rf7 38.
Kg2 Bg7 39. Bxg7 Kxg7 40. Re1 Rb6 41. Qc8 Rd6 42. Qc5 f4 43. Qd4+ Kh6 44.
gxf4 Rf5 45. Re7 Rfxd5 46. Qg7+ Kh5 47. Qxh7+ Kg4 48. h3+ Kxf4 49. Qh4+ Kf5
50. Rf7+ Ke5 51. Qf4+ 1-0

[Event "ch-HUN Gp A"]
[Site "Balatonlelle HUN"]
[Date "2002.05.01"]
[Round "1"]
[White "Cao,S"]
[Black "Horvath,Jo"]
[Result "1/2-1/2"]
[WhiteElo "2502"]
[BlackElo "2548"]
[EventDate "2002.05.04"]

1. e4 e5 2. Nf3 Nf6 3. d4 Nxe4 4. Bd3 d5 5. Nxe5 Nd7 6. Nxd7 Bxd7 7. O-O
Bd6 8. Nc3 Nxc3 9. bxc3 O-O 10. c4 dxc4 11. Bxc4 c5 12. dxc5 Bxc5 13. Qd5
Be6 14. Qxc5 Rc8 15. Qxa7 Rxc4 16. Qxb7 Rxc2 17. a4 Bd5 18. Qb1 Be4 19. Qb3
Qa8 20. f3 Rb8 21. Qe3 Bd5 22. Re1 h6 23. a5 Qa6 24. Qe5 Rb5 25. Ra4 Rxg2+
26. Kxg2 Bxf3+ 27. Kxf3 Rxe5 28. Rxe5 Qd3+ 29. Be3 Qd1+ 30. Kg2 Qxa4 31. h3
g5 32. Bf2 Qc6+ 33. Kg1 Qc3 34. Rc5 Qa3 35. Kg2 Kh7 36. Rc7 Qxa5 37. Rxf7+
Kg6 38. Re7 Qd5+ 39. Kg1 h5 40. Re3 Qd2 41. Rg3 Qd1+ 42. Kg2 Qd5+ 43. Kh2
Qe5 44. Kg2 Qe4+ 45. Kh2 Qe2 46. Kg2 Qc2 47. Kg1 Qe2 48. Kg2 Kf5 49. Re3
Qd2 50. Rf3+ Ke4 51. Rg3 Qd5 52. Kh2 Qd6 53. Kg2 Qd2 54. Ra3 Qd1 55. Rg3
Qc1 56. Rb3 Qc6 57. Rg3 Kf4+ 58. Kh2 Qe4 59. Kg1 Qb1+ 60. Kg2 Qb7+ 61. Kh2
h4 62. Rg4+ Kf3 63. Bg1 Qd5 64. Bd4 Qa2+ 65. Kh1 Qb1+ 66. Bg1 Qf5 67. Kh2
Ke2 68. Bd4 Kd3 69. Bg1 Qe5+ 70. Kg2 Ke2 71. Bd4 Qd5+ 72. Kh2 Kf3 73. Bg1
Qe5+ 74. Kh1 Qf5 75. Kh2 Qxg4 76. hxg4 Kxg4 1/2-1/2

[Event "ch-HUN Gp A"]
[Site "Balatonlelle HUN"]
[Date "2002.05.02"]
[Round "2"]
[White "Gyimesi,Z"]
[Black "Sax,G"]
[Result "1-0"]
[WhiteElo "2605"]
[BlackElo "2566"]
[EventDate "2002.05.04"]

1. d4 Nf6 2. c4 e6 3. Nf3 b6 4. g3 Ba6 5. Qa4 Bb7 6. Bg2 c5 7. dxc5 Bxc5 8.
O-O Be7 9. Nc3 O-O 10. Bf4 Na6 11. Rfd1 Nc5 12. Qc2 Nce4 13. Ne5 Nxc3 14.
Bxb7 Nxd1 15. Rxd1 d5 16. cxd5 exd5 17. Bxa8 Qxa8 18. Qc7 Bc5 19. e3 h6 20.
Nd7 Nxd7 21. Qxd7 Rd8 22. Qg4 Qc6 23. Be5 Bf8 24. Bc3 Qe6 25. Qd4 f5 26.
Qa4 Qd7 27. Qa6 Qc6 28. a4 Rd7 29. Rd2 Bc5 30. Qd3 Qe6 31. b4 Bf8 32. a5
Rc7 33. b5 Qe4 34. axb6 axb6 35. Qxe4 fxe4 36. Be5 Rc5 37. Rb2 Kf7 38. Kg2
Rc4 39. Ra2 Rc5 40. Ra7+ Kg6 41. h4 h5 42. Bd4 Rxb5 43. Rd7 Ra5 44. Bxb6
Ra6 45. Bd4 Rd6 46. Rb7 Rd8 47. Kh3 Rd6 48. g4 hxg4+ 49. Kxg4 Rd8 50. Be5
Re8 51. h5+ Kh7 52. Kf5 Kh6 53. Rd7 Kxh5 54. Rxd5 g6+ 55. Kxe4 g5 56. Kf5
Be7 57. Bg7 Rg8 58. Rd1 1-0

[Event "ch-HUN Gp A"]
[Site "Balatonlelle HUN"]
[Date "2002.05.02"]
[Round "2"]
[White "Horvath,Jo"]
[Black "Horvath,P1"]
[Result "1/2-1/2"]
[WhiteElo "2548"]
[BlackElo "2489"]
[EventDate "2002.05.04"]

1. c4 Nf6 2. Nc3 e6 3. Nf3 d5 4. d4 Bb4 5. Qa4+ Nc6 6. e3 Bd7 7. Qc2 a5 8.
Bd2 O-O 9. a3 Bxc3 10. Bxc3 a4 11. Bd3 Na5 12. Bxa5 Rxa5 13. Ne5 c5 14. O-O
cxd4 15. exd4 dxc4 16. Bxc4 1/2-1/2

[Event "ch-HUN Gp A"]
[Site "Balatonlelle HUN"]
[Date "2002.05.02"]
[Round "2"]
[White "Berkes,F"]
[Black "Cao,S"]
[Result "1/2-1/2"]
[WhiteElo "2511"]
[BlackElo "2502"]
[EventDate "2002.05.04"]

1. c4 Nf6 2. Nc3 g6 3. d4 Bg7 4. Nf3 O-O 5. g3 d6 6. Bg2 Nbd7 7. O-O e5 8.
h3 Re8 9. e4 exd4 10. Nxd4 Nc5 11. Re1 a6 12. Qc2 Nfd7 13. Be3 Ne5 14. b3
Ncd3 15. Red1 Nb4 16. Qb1 Bd7 17. f4 Nec6 18. Nde2 a5 19. a3 Na6 20. Ra2
Qc8 21. Kh2 Nc5 22. Rad2 b6 23. Bf2 Rb8 24. b4 axb4 25. axb4 Nb7 26. Nd5
Nbd8 27. Nec3 Ne7 28. Bd4 Nxd5 29. Nxd5 Bxd4 30. Rxd4 Re6 31. f5 Re5 32.
Nf6+ Kg7 33. Ng4 Nc6 34. Qc1 Qd8 35. Nxe5 Nxe5 36. c5 bxc5 37. bxc5 Qf6 38.
cxd6 c6 39. Qa3 Rb5 40. Rb4 Rc5 41. Rbd4 Rb5 42. Bf1 Rb8 43. Be2 gxf5 44.
exf5 Qxf5 45. Rf4 Qxh3+ 46. Kg1 Qe6 47. Rb4 Re8 48. Qe3 Qg6 49. Rf4 f6 50.
Rdf1 Nf7 51. Qc3 Re5 52. R1f2 Rg5 53. Qxf6+ Qxf6 54. Rxf6 Rxg3+ 55. Kh2
Rh3+ 56. Kg2 Ne5 57. Bc4 Nxc4 58. Rf7+ Kg6 59. Rxd7 Rd3 60. Rd8 Ne3+ 61.
Kg3 Nf5+ 62. Kf4 Nxd6 63. Rc2 Kf6 64. Rxc6 Ke6 65. Ra6 Rd4+ 66. Kf3 Rd3+
67. Ke2 Rd5 68. Rh8 Rh5 69. Kf3 Rh3+ 70. Kg4 Rh1 71. Re8+ Kd7 72. Re2 Rh6
73. Ra7+ Kc6 74. Kg5 Rg6+ 75. Kh5 Rf6 76. Rxh7 Rf4 77. Rh6 Rd4 78. Rhe6 Kc5
79. Kg5 Nc4 80. Kf5 Rd5+ 81. Kf4 1/2-1/2

[Event "ch-HUN Gp B"]
[Site "Balatonlelle HUN"]
[Date "2002.05.01"]
[Round "1"]
[White "Acs,P"]
[Black "Medvegy,Z"]
[Result "1/2-1/2"]
[WhiteElo "2529"]
[BlackElo "2500"]
[EventDate "2002.05.04"]

1. e4 c5 2. Nf3 Nc6 3. d4 cxd4 4. Nxd4 Nf6 5. Nc3 e5 6. Ndb5 d6 7. Bg5 a6
8. Na3 b5 9. Bxf6 gxf6 10. Nd5 Bg7 11. Bd3 Ne7 12. Nxe7 Qxe7 13. c3 f5 14.
Nc2 Qg5 15. O-O Bb7 16. Qf3 f4 17. a4 O-O 18. axb5 axb5 19. Qe2 Rxa1 20.
Rxa1 f5 21. f3 fxe4 22. Bxe4 d5 23. Qxb5 dxe4 24. Qxb7 exf3 25. Qxf3 e4 26.
Qxe4 f3 27. Ne3 Kh8 28. Ra8 fxg2 29. Qf3 Qh6 30. Kxg2 Rxa8 31. Qxa8+ Bf8
32. Qe4 Qg5+ 33. Kf2 h6 34. Qg4 Qb5 35. b4 Qe5 36. Qd4 Qxd4 37. cxd4 Bxb4
38. Kf3 Kg7 39. h3 Kg6 40. Kg4 Bc3 41. Nf5 Bd2 42. Nh4+ Kf6 43. Nf3 Be3 44.
d5 Bc1 45. h4 Be3 46. h5 Bc1 47. Ne1 Ba3 48. Nf3 Bc1 49. Ne1 Ba3 50. Nd3
Bd6 51. Kf3 Kg5 52. Nf2 1/2-1/2

[Event "ch-HUN Gp B"]
[Site "Balatonlelle HUN"]
[Date "2002.05.01"]
[Round "1"]
[White "Ruck,R"]
[Black "Chernin,A"]
[Result "1/2-1/2"]
[WhiteElo "2569"]
[BlackElo "2583"]
[EventDate "2002.05.04"]

1. Nf3 d5 2. d4 c6 3. c4 Nf6 4. Nc3 dxc4 5. a4 Bf5 6. Ne5 Nbd7 7. Nxc4 Nb6
8. Ne5 a5 9. g3 e6 10. Bg2 Bb4 11. O-O O-O 12. e3 h6 13. Qe2 Bh7 14. Rd1
Nfd7 15. Nxd7 Nxd7 16. e4 Qe7 17. Be3 Rfd8 18. Rac1 Nf6 19. f3 Ne8 20. Qf2
Nc7 21. Ne2 Na6 22. Nf4 Bd6 23. Bf1 Nb4 24. Bc4 Rd7 25. Nd3 1/2-1/2

[Event "ch-HUN Gp B"]
[Site "Balatonlelle HUN"]
[Date "2002.05.02"]
[Round "2"]
[White "Chernin,A"]
[Black "Medvegy,Z"]
[Result "1/2-1/2"]
[WhiteElo "2583"]
[BlackElo "2500"]
[EventDate "2002.05.04"]

1. d4 Nf6 2. c4 e6 3. Nf3 b6 4. g3 Ba6 5. Nbd2 Bb4 6. Qc2 Bb7 7. Bg2 Be4 8.
Qb3 Bxd2+ 9. Bxd2 O-O 10. O-O Nc6 11. Rfd1 d5 12. Be1 dxc4 13. Qxc4 Qd5 14.
Qxd5 Bxd5 15. Ne5 Bxg2 16. Kxg2 Ne7 17. Bb4 Nfd5 18. Ba3 f5 19. Bxe7 Nxe7
20. Rac1 Rac8 21. Rd3 Nd5 22. Ra3 a5 23. Rc6 Rfe8 24. Ra4 Nb4 25. Rc1 c5
26. dxc5 Nc6 27. Nd7 b5 28. Ra3 Red8 29. Rd3 Kf7 30. Rd6 Ke7 31. Rcd1 Rc7
32. Ne5 Rdc8 33. Nd3 Nb4 34. Nf4 Rc6 35. Rd7+ Kf6 36. Ra7 g5 37. Nd3 Nxd3
38. Rxd3 Rxc5 39. Rxh7 Rc2 40. Rh6+ Ke7 41. Rh7+ Kf6 42. Re3 R8c6 43. Rh6+
Ke7 44. Rh7+ Kf6 45. Rh6+ Ke7 46. Rh7+ 1/2-1/2

[Event "ch-HUN Gp B"]
[Site "Balatonlelle HUN"]
[Date "2002.05.02"]
[Round "2"]
[White "Ruck,R"]
[Black "Farago,I"]
[Result "1-0"]
[WhiteElo "2569"]
[BlackElo "2506"]
[EventDate "2002.05.04"]

1. Nf3 d5 2. d4 Nf6 3. c4 e6 4. Nc3 Be7 5. Bf4 O-O 6. e3 c5 7. dxc5 Bxc5 8.
cxd5 Nxd5 9. Nxd5 exd5 10. a3 Nc6 11. Bd3 Bb6 12. O-O Bg4 13. h3 Bh5 14. b4
d4 15. b5 Na5 16. exd4 Bxd4 17. Bxh7+ Kxh7 18. Qd3+ Bg6 19. Qxd4 Nb3 20.
Qxd8 Rfxd8 21. Ra2 Bd3 22. Re1 Bxb5 23. Rb2 Bc4 24. Reb1 Na5 25. Bc7 Rd5
26. Bxa5 Rxa5 27. Rxb7 Rxa3 28. Ne5 Bd5 29. Rd7 Be6 30. Re7 Kg8 31. Rbb7
Rf8 32. Rxa7 Rxa7 33. Rxa7 Rc8 34. Kh2 g6 35. f3 Kg7 36. Kg3 Rc2 37. h4 Rd2
38. Ra3 Kh6 39. Ra5 Kg7 40. Ra3 Kh6 41. Nd3 g5 42. hxg5+ Kxg5 43. Nf4 Bf5
44. Ra5 Rd4 45. Nd5 Be6 46. Nc3+ Kg6 47. Ne4 Rb4 48. Ra6 Rb2 49. Nc5 Kf6
50. Ra4 Rc2 51. Nd3 Rd2 52. Nf4 Kg5 53. Ra8 Bf5 54. Rf8 Bg6 55. Rg8 Rc2 56.
Nd5 Rd2 57. Ne3 Kf6 58. Kh4 Rd4+ 59. Ng4+ Ke7 60. Kg5 Rd5+ 61. Kf4 Rd4+ 62.
Ke5 Rd2 63. Ne3 f6+ 64. Kf4 Rd4+ 65. Kg3 Kf7 66. Rb8 Rd7 67. Rb6 Kg7 68.
Ng4 Rf7 69. Kf4 Bh7 70. Rd6 Bc2 71. Ne3 Bb1 72. g4 Kg6 73. Rb6 Bd3 74. Rd6
Bb1 75. Kg3 Kg7 76. Nd5 Bg6 77. Nf4 Kh6 78. Kh4 Kh7 79. Ne6 Re7 80. Nf4 Rf7
81. Kg3 Kh6 82. Nd5 Kg7 83. f4 Be4 84. Nc3 Bb7 85. Nb5 Re7 86. Nd4 Be4 87.
f5 Bb1 88. Ne6+ Kh6 89. Nf4 Rf7 90. Kh4 1-0


Hungarian Championships
-----------------------

[Event "ch-HUN Gp A"]
[Site "Balatonlelle HUN"]
[Date "2002.06.03"]
[Round "3"]
[White "Horvath,P1"]
[Black "Berkes,F"]
[Result "0-1"]
[WhiteElo "2489"]
[BlackElo "2511"]
[EventDate "2002.06.04"]

1. d4 Nf6 2. c4 e6 3. Nf3 b6 4. Nc3 Bb4 5. Bg5 Bb7 6. e3 h6 7. Bh4 Bxc3+ 8.
bxc3 d6 9. Nd2 g5 10. Bg3 Qe7 11. f3 Nbd7 12. Qa4 c5 13. Bd3 a6 14. dxc5
dxc5 15. O-O-O Nh5 16. Bc7 Rc8 17. Bg3 f5 18. Bc2 Bc6 19. Qa3 O-O 20. Nb3
Nxg3 21. hxg3 Qf6 22. Nd2 Ne5 23. e4 Rcd8 24. exf5 exf5 25. Nb1 Bb7 26. Qa4
f4 27. g4 Kg7 28. Rhe1 Rxd1+ 29. Rxd1 Rd8 30. Re1 Qe6 31. Re2 Qd6 32. Rd2
Qc7 33. Re2 Bc6 34. Qb3 Be8 35. Nd2 Bf7 36. Qa4 Nd3+ 37. Kb1 b5 38. cxb5
axb5 39. Qe4 c4 40. Ka1 Qc5 41. Bxd3 cxd3 42. Qe5+ Qxe5 43. Rxe5 Ra8 44. c4
bxc4 45. Kb2 Rxa2+ 0-1

[Event "ch-HUN Gp A"]
[Site "Balatonlelle HUN"]
[Date "2002.06.03"]
[Round "3"]
[White "Cao,S"]
[Black "Gyimesi,Z"]
[Result "1/2-1/2"]
[WhiteElo "2502"]
[BlackElo "2605"]
[EventDate "2002.06.04"]

1. e4 e5 2. Nf3 Nc6 3. Bb5 a6 4. Bxc6 dxc6 5. O-O Qd6 6. c3 Bg4 7. h3 Bxf3
8. Qxf3 c5 9. Na3 Qe6 10. d3 O-O-O 11. Nc4 Ne7 12. Qe2 Nc6 13. f4 f6 14.
fxe5 Nxe5 15. Nxe5 fxe5 16. Bg5 Rd7 17. Rf3 h6 18. Bh4 Be7 1/2-1/2

[Event "ch-HUN Gp A"]
[Site "Balatonlelle HUN"]
[Date "2002.06.04"]
[Round "4"]
[White "Gyimesi,Z"]
[Black "Horvath,Jo"]
[Result "1-0"]
[WhiteElo "2605"]
[BlackElo "2548"]
[EventDate "2002.06.04"]

1. d4 e6 2. c4 c5 3. d5 exd5 4. cxd5 d6 5. Nc3 g6 6. e4 Bg7 7. h3 Nf6 8.
Nf3 O-O 9. Bg5 h6 10. Be3 Re8 11. Bd3 c4 12. Bc2 b5 13. a3 a5 14. Nxb5 Nxe4
15. O-O Bd7 16. Nfd4 Na6 17. Bxe4 Rxe4 18. Nxd6 Rh4 19. Qf3 Qf8 20. N6b5
Bxb5 21. Nxb5 Bxb2 22. Rad1 Rd8 23. d6 a4 24. Rd5 Qe8 25. Rb1 c3 26. Qf6
Rc4 27. Bxh6 c2 28. Rxb2 c1=Q+ 29. Bxc1 Rxc1+ 30. Kh2 Rd7 31. Re5 Qf8 32.
Re7 Nc5 33. Rbe2 Kh7 34. Re8 1-0

[Event "ch-HUN Gp A"]
[Site "Balatonlelle HUN"]
[Date "2002.06.04"]
[Round "4"]
[White "Berkes,F"]
[Black "Sax,G"]
[Result "1/2-1/2"]
[WhiteElo "2511"]
[BlackElo "2566"]
[EventDate "2002.06.04"]

1. Nf3 Nf6 2. c4 c5 3. g3 d5 4. cxd5 Nxd5 5. Bg2 Nc6 6. d4 cxd4 7. Nxd4
Ndb4 8. Nxc6 Qxd1+ 9. Kxd1 Nxc6 10. Nc3 Bd7 1/2-1/2

[Event "ch-HUN Gp A"]
[Site "Balatonlelle HUN"]
[Date "2002.06.04"]
[Round "4"]
[White "Cao,S"]
[Black "Horvath,P1"]
[Result "1-0"]
[WhiteElo "2502"]
[BlackElo "2489"]
[EventDate "2002.06.04"]

1. e4 c5 2. Nf3 Nc6 3. Bb5 e6 4. Bxc6 bxc6 5. b3 f6 6. d4 cxd4 7. Qxd4 d5
8. O-O e5 9. Qd3 Be6 10. Nc3 d4 11. Na4 Rc8 12. Qa6 Qd7 13. c3 c5 14. Ba3
Be7 15. Rac1 Rc6 16. Qa5 Bd8 17. Qb5 a6 18. Qe2 d3 19. Qe3 c4 20. Nd2 cxb3
21. axb3 Be7 22. Bxe7 Nxe7 23. Nc5 Qd8 24. Nxd3 O-O 25. Nc5 Bf7 26. b4 f5
27. Rfd1 f4 28. Qe2 Qc8 29. Nf3 Ng6 30. Ra1 Qg4 31. h3 Qh5 32. Rxa6 Rcc8
33. Qd3 h6 34. Ra7 Nh4 35. Rd2 Rc6 36. Nxh4 Qxh4 37. Nd7 Rfc8 38. Nxe5 Rxc3
39. Qd7 Rc1+ 40. Kh2 Rf8 41. Nxf7 f3 42. g3 Qh5 43. Nd6 1-0

[Event "ch-HUN Gp A"]
[Site "Balatonlelle HUN"]
[Date "2002.06.05"]
[Round "5"]
[White "Horvath,Jo"]
[Black "Berkes,F"]
[Result "1/2-1/2"]
[WhiteElo "2548"]
[BlackElo "2511"]
[EventDate "2002.06.04"]

1. d4 e6 2. c4 Nf6 3. Nf3 d5 4. Nc3 Be7 5. e3 O-O 6. b3 b6 7. Bb2 Bb7 8.
Bd3 Nbd7 9. O-O c5 10. cxd5 Nxd5 11. Nxd5 Bxd5 12. Qe2 Bxf3 13. Qxf3 cxd4
14. Rad1 Bf6 15. exd4 Qe7 16. Rfe1 Rfd8 17. Bc1 Rac8 18. Bf4 Qa3 19. Bb1
Nf8 20. d5 1/2-1/2

[Event "ch-HUN Gp B"]
[Site "Balatonlelle HUN"]
[Date "2002.06.03"]
[Round "3"]
[White "Medvegy,Z"]
[Black "Horvath,Cs"]
[Result "0-1"]
[WhiteElo "2500"]
[BlackElo "2539"]
[EventDate "2002.06.01"]

1. e4 c5 2. Nf3 e6 3. d4 cxd4 4. Nxd4 Qb6 5. Nb3 Qc7 6. Bd3 Nf6 7. Qe2 d6
8. a4 Nc6 9. f4 Be7 10. a5 O-O 11. Bd2 e5 12. Na3 Bg4 13. Qf2 d5 14. exd5
Nb4 15. O-O e4 16. Be2 Nbxd5 17. Bxg4 e3 18. Qe2 exd2 19. Bf3 Bb4 20. c3
Bxa3 21. Rxa3 Rfe8 22. Qxd2 Ne3 23. Raa1 Rad8 24. Nd4 Nxf1 25. Kxf1 Ne4 26.
Bxe4 Rxe4 27. g3 Qc4+ 28. Kf2 Rde8 29. Qd1 h6 30. Qf1 Rxd4 31. cxd4 Qxd4+
32. Kf3 Re3+ 33. Kg4 Qd7+ 34. f5 Qd4+ 35. Kh3 Rb3 36. Rd1 Qf6 37. Rd5 Rxb2
38. Qd3 Rf2 39. g4 h5 40. Kg3 Ra2 41. h3 h4+ 42. Kf3 Rh2 43. Kf4 g5+ 44.
Ke4 Qe7+ 45. Kd4 Qb4+ 46. Ke5 Qe7+ 47. Kd4 Kg7 48. f6+ Qxf6+ 49. Kc4 Rf2
50. Rd6 Qe5 51. Rd5 Qf6 52. Rd6 Qf4+ 53. Rd4 Qf3 54. Qb1 Qc6+ 55. Kb4 b6
56. Rc4 bxa5+ 57. Kxa5 Qb6+ 0-1

[Event "ch-HUN Gp B"]
[Site "Balatonlelle HUN"]
[Date "2002.06.04"]
[Round "4"]
[White "Farago,I"]
[Black "Acs,P"]
[Result "0-1"]
[WhiteElo "2506"]
[BlackElo "2529"]
[EventDate "2002.06.01"]

1. c4 Nf6 2. Nf3 e6 3. Nc3 d5 4. e3 Be7 5. b3 O-O 6. Bb2 c5 7. cxd5 exd5 8.
d4 Nc6 9. Be2 Ne4 10. dxc5 Bf6 11. Nd4 Nxc5 12. Nxc6 bxc6 13. O-O Bf5 14.
Rc1 Re8 15. Ba1 d4 16. exd4 Bxd4 17. Na4 Bxa1 18. Rxc5 Rxe2 19. Qxe2 Bd3
20. Qf3 Bxf1 21. Kxf1 Rc8 22. g3 Qd7 23. Kg2 g6 24. Rc2 Bg7 25. Nc5 Qd5 26.
Nd3 Qd6 27. Rc4 h5 28. Nb4 c5 29. Qd5 Qb6 30. Nd3 Rd8 31. Qe4 Bd4 32. Nf4
Qf6 33. Rc2 a5 34. Nd5 Qd6 35. Ne7+ Kf8 36. Nc6 Re8 37. Qf3 g5 38. Nxa5 g4
39. Qc6 Qe5 40. Nc4 Qg5 41. Nd6 Re6 42. Qa8+ Kg7 43. Nb5 h4 44. Kf1 h3 45.
f4 Qf5 0-1

[Event "ch-HUN Gp B"]
[Site "Balatonlelle HUN"]
[Date "2002.06.04"]
[Round "4"]
[White "Ruck,R"]
[Black "Medvegy,Z"]
[Result "1-0"]
[WhiteElo "2569"]
[BlackElo "2500"]
[EventDate "2002.06.01"]

1. Nf3 g6 2. c4 Bg7 3. d4 c5 4. e4 cxd4 5. Nxd4 Nf6 6. Nc3 O-O 7. Be2 d6 8.
O-O Nc6 9. Be3 Nxd4 10. Bxd4 Bd7 11. Re1 Bc6 12. Bd3 Nd7 13. Bxg7 Kxg7 14.
Qd2 Nf6 15. Rad1 e6 16. Bf1 Qb6 17. Qxd6 Ng4 18. Qg3 h5 19. h3 Nh6 20. Rd2
a5 21. Qe5+ Kh7 22. Red1 a4 23. Be2 Rad8 24. Qf6 Ng8 25. Qf4 Rxd2 26. Rxd2
Qa5 27. Qd6 Kg7 28. Qd4+ Nf6 29. c5 Re8 30. Bd1 e5 31. Qc4 Nxe4 32. Nxe4
Bxe4 33. Rd7 Qe1+ 34. Kh2 Rf8 35. Bxa4 Bf5 36. Rxb7 Qxf2 37. Bb3 h4 38.
Rxf7+ Rxf7 39. Qxf7+ Kh6 40. Qf8+ Kg5 41. Qd8+ Kf4 42. Qd1 Qg3+ 43. Kg1
Qe3+ 44. Kh2 Qg3+ 45. Kh1 Be4 46. Qd2+ Kf5 47. Kg1 Bc6 48. Bd1 Ke6 49. Bg4+
Ke7 50. Qf2 Qd3 51. Qxh4+ Kf7 52. Qh7+ Kf6 53. Qh8+ Kf7 54. Qxe5 Qd2 55.
Qc7+ 1-0

[Event "ch-HUN Gp B"]
[Site "Balatonlelle HUN"]
[Date "2002.06.05"]
[Round "5"]
[White "Acs,P"]
[Black "Chernin,A"]
[Result "1/2-1/2"]
[WhiteElo "2529"]
[BlackElo "2583"]
[EventDate "2002.06.01"]

1. e4 d6 2. d4 Nf6 3. Nc3 g6 4. f4 Bg7 5. Nf3 c5 6. Bb5+ Bd7 7. e5 Ng4 8.
Bxd7+ Qxd7 9. d5 dxe5 10. h3 e4 11. Nxe4 Nf6 12. Nxf6+ Bxf6 13. O-O O-O 14.
Be3 1/2-1/2

[Event "ch-HUN Gp B"]
[Site "Balatonlelle HUN"]
[Date "2002.06.05"]
[Round "5"]
[White "Medvegy,Z"]
[Black "Farago,I"]
[Result "1/2-1/2"]
[WhiteElo "2500"]
[BlackElo "2506"]
[EventDate "2002.06.01"]

1. e4 e6 2. d4 d5 3. e5 c5 4. c3 Qb6 5. Nf3 Nc6 6. a3 c4 7. Be2 Na5 8. Nbd2
Bd7 9. O-O Ne7 10. Re1 h6 11. Rb1 Nb3 12. Nxb3 cxb3 1/2-1/2

[Event "ch-HUN Places"]
[Site "Balatonlelle HUN"]
[Date "2002.06.??"]
[Round "1"]
[White "Acs,P"]
[Black "Horvath,Cs"]
[Result "1/2-1/2"]
[WhiteElo "2529"]
[BlackElo "2539"]
[EventDate "2002.06.??"]

1. e4 Nf6 2. e5 Nd5 3. d4 d6 4. Nf3 dxe5 5. Nxe5 g6 6. Be2 Bg7 7. O-O O-O
8. Bf3 c6 9. Re1 Bf5 10. c3 Nd7 11. Nxd7 Qxd7 12. Na3 b5 13. Nc2 Bxc2 14.
Qxc2 e6 15. Bg5 Rac8 16. Rad1 a5 17. h4 h6 18. Bc1 c5 19. dxc5 Rxc5 20. Qe2
Qc7 21. Bxd5 exd5 22. Be3 Rc4 23. Rxd5 b4 24. Bd4 bxc3 25. bxc3 Rc8 26. Qe3
h5 27. Qg5 Bxd4 28. cxd4 Rc1 29. Rde5 Qc3 30. Rxc1 Qxc1+ 31. Qxc1 Rxc1+ 32.
Kh2 a4 33. Rc5 Ra1 34. Rc2 Kf8 35. Kg3 Ke7 36. Kf3 Kd6 37. Ke3 Rb1 38. Rc4
a3 39. Rc3 Re1+ 40. Kf3 Rd1 41. Rxa3 Rxd4 42. g3 Rd2 43. Ke3 Rb2 44. Ra7
Ke6 45. a4 f6 46. Rc7 Rb3+ 47. Kd2 Rf3 48. Ke2 Ra3 49. Rc4 g5 50. Kf1 Kf5
51. Kg2 Ra2 52. Rc5+ Kg4 53. hxg5 fxg5 54. a5 h4 55. Rc4+ Kf5 56. g4+ Ke5
57. Rc5+ Kf4 58. Rc4+ Ke5 59. Rc5+ Kf4 60. Rc4+ 1/2-1/2

[Event "ch-HUN Places"]
[Site "Balatonlelle HUN"]
[Date "2002.06.??"]
[Round "2"]
[White "Horvath,Cs"]
[Black "Acs,P"]
[Result "0-1"]
[WhiteElo "2539"]
[BlackElo "2529"]
[EventDate "2002.06.??"]

1. c4 Nf6 2. Nc3 e5 3. Nf3 Nc6 4. a3 g6 5. d3 Bg7 6. e3 O-O 7. Be2 a5 8.
Qc2 Re8 9. O-O d5 10. cxd5 Nxd5 11. Rb1 b6 12. Nxd5 Qxd5 13. b3 Bb7 14. Bb2
Rad8 15. Rfd1 Rd7 16. Bf1 Red8 17. Rd2 Qe6 18. Rbd1 Qf5 19. Bc3 Ne7 20. e4
Qe6 21. b4 axb4 22. axb4 Nc6 23. b5 Nd4 24. Bxd4 exd4 25. Re2 Ra8 26. g3
Ra3 27. Nd2 Rc3 28. Qb1 Rd8 29. Nc4 Ra8 30. Bg2 Qd7 31. h3 h5 32. h4 Ra4
33. Kh2 Qe7 34. Rdd2 Bc8 35. Bh3 Bxh3 36. Kxh3 Bh6 37. Ra2 Raxc4 38. dxc4
d3 39. Ra8+ Kh7 40. Qb2 Bg7 41. Re3 Rc2 42. Qa3 Qd7+ 43. Kg2 d2 44. Rd3
d1=Q 45. Rxd7 Qxd7 46. Qf3 Bd4 0-1

[Event "ch-HUN Places"]
[Site "Balatonlelle HUN"]
[Date "2002.06.??"]
[Round "1"]
[White "Medvegy,Z"]
[Black "Farago,I"]
[Result "1/2-1/2"]
[WhiteElo "2500"]
[BlackElo "2506"]
[EventDate "2002.06.??"]

1. e4 e6 2. d4 d5 3. e5 c5 4. c3 Qb6 5. Nf3 Nc6 6. a3 c4 7. Be2 Na5 8. Nbd2
Bd7 9. O-O Ne7 10. Re1 Nec6 11. Rb1 Be7 12. Nf1 1/2-1/2

[Event "ch-HUN Places"]
[Site "Balatonlelle HUN"]
[Date "2002.06.??"]
[Round "2"]
[White "Farago,I"]
[Black "Medvegy,Z"]
[Result "1/2-1/2"]
[WhiteElo "2506"]
[BlackElo "2500"]
[EventDate "2002.06.??"]

1. d4 Nf6 2. c4 e6 3. Nf3 b6 4. a3 Bb7 5. Nc3 d5 6. cxd5 Nxd5 7. Qc2 Nxc3
8. bxc3 Be7 9. e4 O-O 10. Bd3 c5 11. O-O Qc8 12. Qa2 cxd4 13. cxd4 Ba6 14.
Bxa6 Nxa6 15. Qe2 Qb7 16. Rd1 Rfd8 17. Bb2 Bf6 18. Rd3 Rac8 19. h4 h6 20.
Rad1 Rd7 21. h5 Rcd8 22. Nh2 Nc7 23. Ng4 Ne8 24. Nxf6+ Nxf6 25. d5 Ne8 26.
Qf3 exd5 27. exd5 Qc7 28. Re1 Re7 29. Rc1 Qd6 30. g3 Rc7 31. Re1 Re7 32.
Rde3 Rxe3 33. Rxe3 Nf6 34. Bxf6 Qxf6 35. Qe4 Qg5 36. Rd3 Qxh5 37. d6 Qg5
38. d7 Qf6 39. Qe8+ Kh7 40. Rd1 h5 41. Qe4+ g6 42. Qe8 Kg7 43. Re1 h4 44.
Re7 hxg3 45. fxg3 Qd4+ 46. Kg2 Qd5+ 1/2-1/2

[Event "ch-HUN Places"]
[Site "Balatonlelle HUN"]
[Date "2002.06.??"]
[Round "1"]
[White "Horvath,Jo"]
[Black "Sax,G"]
[Result "1/2-1/2"]
[WhiteElo "2548"]
[BlackElo "2566"]
[EventDate "2002.06.??"]

1. d4 Nf6 2. Nf3 e6 3. e3 c5 4. Bd3 b6 5. O-O Bb7 6. c4 Be7 7. Nc3 a6 8. d5
exd5 9. cxd5 Nxd5 10. Nxd5 Bxd5 11. Bxh7 Bb7 12. Bc2 d5 13. a3 Qc7 14. h3
Nc6 15. e4 d4 16. Bb3 Na5 17. Bd5 Bxd5 18. exd5 O-O 19. b4 Nb7 20. bxc5
bxc5 21. Rb1 Qd7 22. Qb3 Na5 23. Qa2 c4 24. Nxd4 Qxd5 25. Be3 Rab8 26. Rbd1
Rfd8 27. Qc2 Bf6 28. Nf5 Qe6 29. Nd4 Qe8 30. Rfe1 Qe5 31. Bd2 Qc5 32. Bb4
Rxb4 33. axb4 Qxb4 34. Nc6 Rxd1 35. Qxd1 Qb5 36. Nxa5 Qxa5 37. Re8+ Kh7 38.
Qc2+ g6 39. Qxc4 Kg7 40. g3 Qf5 41. Kg2 a5 1/2-1/2

[Event "ch-HUN Places"]
[Site "Balatonlelle HUN"]
[Date "2002.06.??"]
[Round "2"]
[White "Sax,G"]
[Black "Horvath,Jo"]
[Result "1/2-1/2"]
[WhiteElo "2566"]
[BlackElo "2548"]
[EventDate "2002.06.??"]

1. e4 e5 2. Nf3 Nf6 3. Nxe5 d6 4. Nf3 Nxe4 5. d4 d5 6. Bd3 Be7 7. O-O Nc6
8. c4 Nb4 9. Be2 O-O 10. Nc3 Bf5 11. a3 Nxc3 12. bxc3 Nc6 13. Re1 Re8 14.
Bf4 dxc4 15. Bxc4 Bd6 16. Rxe8+ Qxe8 17. Bxd6 cxd6 18. Ng5 Bg6 19. h4 Qd8
20. Qg4 d5 21. h5 Bc2 22. Rc1 dxc4 23. Rxc2 h6 24. Ne4 Rc8 25. Nd6 Rc7 26.
Nxc4 b5 27. Ne3 Ne7 28. d5 Qd6 29. Qb4 Qxb4 30. axb4 Rd7 31. Rd2 Rd6 32.
Kh2 Kf8 33. Kg3 Ke8 34. Kf4 Kd7 35. Ke4 Ra6 36. c4 bxc4 37. Nxc4 f6 38. d6
Nc8 39. Kf5 Rc6 40. Ne3 Nxd6+ 41. Kg6 Ke6 42. Kxg7 Rc7+ 43. Kg6 Rc8 44. Nd5
Rg8+ 45. Kh7 Kf7 46. Nxf6 Rg7+ 47. Kh8 Nf5 48. Rd5 Rg5 49. g4 Kxf6 50. gxf5
Rxh5 51. Ra5 Rxf5 52. Ra6+ Kg5 53. Rxa7 h5 54. Rg7+ Kf4 55. Rh7 Rb5 56. Kg8
Rxb4 57. Rxh5 Kf3 58. Rf5+ Rf4 1/2-1/2

[Event "ch-HUN Places"]
[Site "Balatonlelle HUN"]
[Date "2002.06.??"]
[Round "2"]
[White "Horvath,Cs"]
[Black "Horvath,Jo"]
[Result "1/2-1/2"]
[WhiteElo "2539"]
[BlackElo "2548"]
[EventDate "2002.06.??"]

1. Nf3 g6 2. g3 Bg7 3. Bg2 d5 4. O-O e5 5. d3 Ne7 6. e4 dxe4 7. dxe4 Qxd1
8. Rxd1 h6 9. b3 Be6 10. Bb2 Nd7 11. Nbd2 O-O-O 12. Bf1 Nc6 13. Bc4 Rhe8
14. Bxe6 Rxe6 15. Nc4 Nb6 16. Rxd8+ Kxd8 17. Rd1+ Ke8 18. Ne3 Rd6 19. Rxd6
cxd6 20. Kf1 Kd7 1/2-1/2